Tvorba e-študijných materiálov pre predmet Konštruovanie s podporou PC (2D objekty)
Salvato in:
| Autore principale: | |
|---|---|
| Altri autori: | |
| Natura: | Manoscritto Libro |
| Lingua: | slovacco |
| Pubblicazione: |
2021
|
| Soggetti: | |
| Accesso online: | http://is.stuba.sk/zp/portal_zp.pl?podrobnosti=148298 |
| Tags: |
Nessun Tag, puoi essere il primo ad aggiungerne!!
|
MARC
| LEADER | 00000ntm a22000003a 4500 | ||
|---|---|---|---|
| 001 | stuzp84062 | ||
| 003 | SK-STU | ||
| 005 | 20210703212459.7 | ||
| 007 | ta | ||
| 008 | 150427s2015----xo-----f-mn---000-0-slo-d | ||
| 040 | |a STU |b slo | ||
| 041 | 0 | |a slo | |
| 100 | 1 | |a Horváthová, Michaela |u 063000 |4 aut |U MTF Materiálovotechnologická fakulta |T MTF Ústav výrobných technológií |X 96802 |U M3000 |Y 83 |7 96802 | |
| 242 | 0 | 1 | |a Creating of e-study materials for subject Construction supported by PC (2D objects) |y eng |
| 245 | 1 | 0 | |a Tvorba e-študijných materiálov pre predmet Konštruovanie s podporou PC (2D objekty) |
| 260 | |c 2021 | ||
| 650 | 4 | |a technické kreslenie |2 slo | |
| 650 | 4 | |a školiaci materiál |2 slo | |
| 650 | 4 | |a postup práce |2 slo | |
| 650 | 4 | |a CAD systémy |2 slo | |
| 650 | 4 | |a training material |2 eng | |
| 650 | 4 | |a CAD systems |2 eng | |
| 650 | 4 | |a technical drawing |2 eng | |
| 650 | 4 | |a work procedure |2 eng | |
| 700 | 1 | |a Hrušková, Erika |u 063800 |k Z2 |4 ths |U MTF Ústav výrobných technológií |T MTF Katedra výrobných zariadení a systémov |X 2876 |U M3800 |Y 660 |7 A000002876 | |
| 856 | 4 | |u http://is.stuba.sk/zp/portal_zp.pl?podrobnosti=148298 | |
| 996 | |c M* BP-9081 |l MMSKP |s P |a 0 |w stuzp84062_0001 | ||